书目信息 |
| 题名: |
花园别墅造园实例图册 2
|
|
| 作者: | 三桥一夫 著 ;王宝刚 译 | |
| 分册: | 2 石·水·小品 | |
| 出版信息: | 北京 中国建筑工业出版社 2002.11 |
|
| 页数: | 157页 | |
| 开本: | 29cm | |
| 丛书名: | ||
| 单 册: | ||
| 中图分类: | TU986.58 | |
| 科图分类: | ||
| 主题词: | 园林--规划 , 公园--绿化规划 | |
| 电子资源: | ||
| ISBN: | 7-112-05240-8 | |
| 000 | 00747nam0 2200229 45 | |
| 001 | 0261709630 | |
| 005 | 2002101817082963 | |
| 010 | @a7-112-05240-8@dRMB 68.00 | |
| 100 | @a20021018d2002 km y0chiy0120 ea | |
| 101 | 0 | @achi |
| 102 | @aCN@b110000 | |
| 200 | 1 | @a花园别墅造园实例图册 2@AHua Yuan Bie Shu Zao Yuan Shi Li Tu Ce 2@f三桥一夫著@FSan Qiao Yi Fu Zhu@g王宝刚译@GWang Bao Gang Yi@h2@i石·水·小品 |
| 210 | @a北京@c中国建筑工业出版社@d2002.11 | |
| 215 | @a157页@d29cm | |
| 517 | @a石·水·小品@AShi·Shui·Xiao Pin | |
| 606 | 0 | @a园林@x规划 |
| 606 | 0 | @a公园@x绿化规划 |
| 690 | @aTU986.58@v3 | |
| 701 | 0 | @a三桥一夫@ASan Qiao Yi Fu@4著 |
| 702 | 0 | @a王宝刚@AWang Bao Gang@4译 |
| 801 | 0 | @aCN@bPFT@c20021018 |
| 905 | @a@dTU986.58@eS026:2 | |
| 花园别墅造园实例图册 2/三桥一夫著/王宝刚译.2.石·水·小品.-北京:中国建筑工业出版社,2002.11 |
| 157页;29cm |
| ISBN 7-112-05240-8:RMB 68.00 |
| ● |
| 相关链接 |
|
|
|
正题名:花园别墅造园实例图册 2
索取号:TU986.58/S026:2
 
预约/预借
| 序号 | 登录号 | 条形码 | 馆藏地/架位号 | 状态 | 备注 |
| 1 | 371750 | 203717503 | 建筑库201/201建筑库 118排2列5层/ [索取号:TU986.58/S026:2] | 在馆 | |
| 2 | 371751 | 203717512 | 建筑库201/201建筑库 118排2列5层/ [索取号:TU986.58/S026:2] | 在馆 |